New directions in econometric practice : (Record no. 16622)

000 -LEADER
fixed length control field 00571pam a2200157 a 4500
020 ## - INTERNATIONAL STANDARD BOOK NUMBER
ISBN 185278461X :
040 ## - CATALOGING SOURCE
Transcribing agency DLC
082 ## - DEWEY DECIMAL CLASSIFICATION NUMBER
Classification number 330 ELG 1992 A108 Or.
100 1# - MAIN ENTRY--AUTHOR NAME
Personal name Charemza, Wojciech
245 10 - TITLE STATEMENT
Title New directions in econometric practice :
Remainder of title general to specific modelling, cointegration, and vector autoregression /
260 ## - PUBLICATION, DISTRIBUTION, ETC. (IMPRINT)
Place of publication Aldershot, Hants, England :
Name of publisher E. Elgar ;
Place of publication Brookfield, VT, USA :
Name of publisher Distributed in the U.S. by Ashgate Pub. Co.,
Year of publication c1992
300 ## - PHYSICAL DESCRIPTION
Number of Pages xii, 370 p. :
Other physical details ill. ;
Dimensions 25 cm
650 #0 - SUBJECT ADDED ENTRY--TOPICAL TERM
Topical Term Econometric models
700 1# - ADDED ENTRY--PERSONAL NAME
Personal name Deadman, Derek
942 ## - ADDED ENTRY ELEMENTS (KOHA)
Koha item type សៀវភៅភាសាអង់គ្លេស
952 ## - LOCATION AND ITEM INFORMATION (KOHA)
Withdrawn status [LOCAL, KOHA] 0
Holdings
Permanent Location Date acquired Koha item type Lost status Shelving location Barcode Current Location Full call number
Library Block A2018-03-16សៀវភៅភាសាអង់គ្លេស A108A06622Library Block A330 ELG 1992 A108 Or.
មជ្ឈមណ្ឌលឯការនៃសាកលវិទ្យាល័យភូមិន្ទកសិកម្មចំការដូង

Powered by Koha